000 00459nam a22001457a 4500
005 20161207102757.0
008 161129b xxu||||| |||| 00| 0 eng d
050 _aREF BX845.A75 2010
110 _aCatholic Church
_927653
245 _aAnnuario pontificio
_cby Catholic Church
260 _aCitta del Vaticano
_bLibreria Editrice Vaticana
_c2010
300 _a2351p.;
_c18cm.
610 _aCatholic Church
_xDictionary
_927654
942 _2lcc
_cMONOGRAPH
999 _c125794
_d125794